El dec. 383/2025 y el principio de legalidad / (Registro nro. 5524)
[ vista simple ]
| 000 -LEADER | |
|---|---|
| fixed length control field | 01504nab a22002057a 4500 |
| 003 - CONTROL NUMBER IDENTIFIER | |
| control field | OSt |
| 005 - DATE AND TIME OF LATEST TRANSACTION | |
| control field | 20251215094256.0 |
| 008 - FIXED-LENGTH DATA ELEMENTS--GENERAL INFORMATION | |
| fixed length control field | 190604e xxu||||| |||| 00| 0 spa d |
| 040 ## - CATALOGING SOURCE | |
| Transcribing agency | PJ |
| 100 ## - MAIN ENTRY--PERSONAL NAME | |
| 9 (RLIN) | 4818 |
| Personal name | Gullco, Hernán V. |
| 245 13 - TITLE STATEMENT | |
| Title | El dec. 383/2025 y el principio de legalidad / |
| Statement of responsibility, etc | Hernán V. Gullco. |
| 260 ## - PUBLICATION, DISTRIBUTION, ETC. (IMPRINT) | |
| Place of publication, distribution, etc | Ciudad Autónoma de Buenos Aires : |
| Name of publisher, distributor, etc | Thomson Reuters La Ley, |
| Date of publication, distribution, etc | 2025. |
| 300 ## - PHYSICAL DESCRIPTION | |
| Extent | p. 50-59 |
| 500 ## - GENERAL NOTE | |
| General note | Cita Online: TR LALEY AR/DOC/1883/2025.<br/> |
| 505 ## - FORMATTED CONTENTS NOTE | |
| Formatted contents note | Sumario: Sumario: I. Introducción.— II. La importancia fundamental del principio de legalidad en un Estado democrático de derecho.— III. Las facultades constitucionales y legales invocadas en el dec. 383/2025.— IV. La pluralidad de fundamentos constitucionales como primer problema de validez del dec. 383/2025.— V. Las facultades legislativas delegadas previstas en el art. 76 CN.— VI. El dec. 383/2025 como el ejercicio de facultades reglamentarias del art. 99, inc. 2°, CN.— VII. El dec. 383/2025 como el ejercicio de las facultades del presidente en su carácter de "responsable político de la administración general del país" (art. 99, inc. 1°, CN).— VIII. Conclusión. |
| 505 ## - FORMATTED CONTENTS NOTE | |
| Title | ¿Te interesa el texto completo? Solicitalo al correo: koha@justierradelfuego.gov.ar |
| 650 #0 - SUBJECT ADDED ENTRY--TOPICAL TERM | |
| 9 (RLIN) | 178 |
| Topical term or geographic name as entry element | DERECHO CONSTITUCIONAL |
| 773 0# - HOST ITEM ENTRY | |
| Host Biblionumber | 2714 |
| Host Itemnumber | 3171 |
| Place, publisher, and date of publication | Ciudad Autónoma de Buenos Aires : Thomson Reuters La Ley, 2014- |
| Title | Revista anales de legislación argentina. Nº 11- Noviembre 2025. |
| 942 ## - ADDED ENTRY ELEMENTS (KOHA) | |
| Source of classification or shelving scheme | |
| Koha item type | Analítica Artículo de Revista |
No hay ítems disponibles.
